| 000 | 00591nam a2200229Ia 4500 | ||
|---|---|---|---|
| 003 | OSt | ||
| 005 | 20220928131812.0 | ||
| 006 | a|||||r|||| 00| 0 | ||
| 007 | ta | ||
| 008 | 220927b |||||||| |||| 00| 0 eng d | ||
| 024 | _a46700 | ||
| 037 | _cTextual | ||
| 040 |
_aSDCL _cSDCL _beng |
||
| 041 |
_2eng _aeng |
||
| 082 | _aV3'N, L5 | ||
| 100 |
_aTaylor A J P _9407418 |
||
| 245 | 0 | _aEnglish History,1914-1945 | |
| 260 |
_aOxford _bOxford University Press _c1975 |
||
| 300 |
_axxvii,719p _ccm. |
||
| 942 |
_hV3'N, L5 _cTEXL _2CC |
||
| 999 |
_c792551 _d792551 |
||